Viola shocking : Racconti erotici lesbici /

Wedi'i Gadw mewn:
Manylion Llyfryddiaeth
Awdur Corfforaethol: Gruppo Altèra
Fformat: Trafodyn Cynhadledd Llyfr
Iaith:Saesneg
Cyhoeddwyd: Babilonia 1995
Cyfres:Narrativa erotica
Tagiau: Ychwanegu Tag
Dim Tagiau, Byddwch y cyntaf i dagio'r cofnod hwn!

MARC

LEADER 00000nam a2200000 4500
001 CDOM0000003816
003 mi
005 20250908203313.0
008 250908b |||||||| |||| 00| 0 eng d
020 |a 8886386117 
040 |c mi 
245 1 |a Viola shocking :  |b Racconti erotici lesbici /  |c Gruppo Altèra 
260 |b Babilonia  |c 1995 
490 |a Narrativa erotica 
711 |a Gruppo Altèra 
942 |2 ddc  |c BK 
952 |0 0  |1 0  |2 ddc  |4 0  |7 0  |9 8926  |a MI  |b MI  |d 2009-09-02  |i 5553  |l 0  |p CDOM5553  |r 2025-07-17 21:50:00  |w 2025-07-17  |x ACQUISTO  |y BK 
999 |c 7424  |d 7424